000 01880nam a2200241Ia 4500
008 260220t1972||||xx |||||||||||||| ||spa||
040 _aPY-SlUNAC
_bspa
_erda
041 _aspa
082 _a581.1
_bR418f
100 _aRichter, Gerhard
_eAutor
245 0 _aFisiología del metabolismo de las plantas /
_cpor Gerhard Richter [Autor]
264 _aCiudad de México :
_bCentro Regional de Ayuda Técnica,
_c℗1972.
300 _a1 volumen
520 _aEn "Fisiología del metabolismo de las plantas", Gerhard Richter ofrece un análisis exhaustivo de los procesos metabólicos que sustentan la vida vegetal. El autor explora las interacciones entre los diferentes sistemas fisiológicos, abarcando temas como la fotosíntesis, la respiración, la asimilación de nutrientes y el metabolismo secundario. Richter profundiza en la importancia de la energía solar como fuente vital para la transformación de compuestos inorgánicos en materia orgánica, destacando el papel de la clorofila y los pigmentos en la captura de luz. Asimismo, se discuten las rutas metabólicas y las enzimas involucradas en estas reacciones, proporcionando un enfoque detallado sobre cómo las plantas adaptan sus procesos metabólicos a diversas condiciones ambientales. El texto también aborda las implicaciones del metabolismo vegetal en la agricultura y la producción de alimentos, lo que resalta la relevancia de comprender estos procesos para mejorar el rendimiento de los cultivos. En conjunto, la obra se presenta como un recurso fundamental para estudiantes y profesionales en el ámbito de la biología vegetal y la agronomía.
653 _aFisiología vegetal
653 _aMetabolismo
653 _aPlantas
942 _b2026/02/17
_cBK
999 _c8291
_d8291